| 000 | 00728nam a22002537a 4500 | ||
|---|---|---|---|
| 003 | OSt | ||
| 005 | 20260428104925.0 | ||
| 008 | 231231s2023 at ||||| |||| 00| 0 eng d | ||
| 020 | _a9780730397823 | ||
| 040 |
_aMILA _beng _cMILA |
||
| 050 |
_aHF5626 _b.R36 2023 |
||
| 100 | 1 | _aRankin, Michaela. | |
| 245 | 1 | 0 |
_aContemporary issues in accounting / _cMichaela Rankin ... [et al.]. |
| 250 | _a3rd ed. | ||
| 260 |
_aMilton, Qld. : _bJohn Wiley & Sons Australia, _cc2023. |
||
| 300 |
_a384 p. ; _c28 cm. |
||
| 650 | 0 | _aAccounting. | |
| 650 | 0 |
_aAccounting _xSocial aspects. |
|
| 650 | 0 |
_aAccounting _xStandards. |
|
| 700 | 1 | _aStanton, Patricia. | |
| 700 | 1 | _aMcGowan, Susan. | |
| 700 | 1 | _aFerlauto, Kimberly. | |
| 942 |
_2lcc _cBK |
||
| 999 |
_c2638 _d2638 |
||